Statistiche per Top 30 Città più popolose Veneto

Clicka qui per fare il quiz!

Statistiche generali

  • Questo quiz è stato fatto 84 volte
  • Il punteggio medio è 17 su 30

Statistiche sulle risposte

PopolazioneProvinciaCittà% Corretto
208 531PadovaPadova
97%
253 504VeneziaVenezia
97%
257 071VeronaVerona
97%
110 464VicenzaVicenza
97%
50 210RovigoRovigo
96%
84 902TrevisoTreviso
96%
35 473BellunoBelluno
90%
42 364VicenzaBassano del Grappa
82%
47 827VeneziaChioggia
75%
24 479VeneziaJesolo
67%
34 311TrevisoConegliano
65%
38 559VicenzaSchio
64%
41 579VeneziaSan Donà di Piave
58%
33 019TrevisoCastelfranco Veneto
57%
31 073TrevisoMontebelluna
51%
37 515VeneziaMira
50%
23 254VicenzaThiene
49%
25 140VeneziaPortogruaro
44%
26 456VeneziaMirano
42%
33 042VeronaVillafranca di Verona
40%
27 608TrevisoMogliano Veneto
38%
24 992VeronaLegnago
36%
28 656TrevisoVittorio Veneto
36%
25 589VicenzaArzignano
32%
23 315VicenzaMontecchio Maggiore
32%
23 464PadovaAlbignasego
31%
26 862VeneziaSpinea
24%
24 148VeronaSan Giovanni Lupatoto
22%
26 575VicenzaValdagno
21%
22 145PadovaSelvazzano Dentro
14%

Distribuzione punteggi

Percentile per numero di risposta

Percentuale di utenti per punteggio

I tuoi punteggi nel tempo

Non hai fatto questo quiz